A perspective of environment pollution / (Record no. 122697)

MARC details
000 -LEADER
fixed length control field 00692nam a22002297a 4500
005 - DATE AND TIME OF LATEST TRANSACTION
control field 20170124105914.0
010 ## - LIBRARY OF CONGRESS CONTROL NUMBER
LC control number A-089912
020 ## - INTERNATIONAL STANDARD BOOK NUMBER
Terms of availability £18.00
International Standard Book Number 0521221978
035 ## - SYSTEM CONTROL NUMBER
System control number A-089912
037 ## - SOURCE OF ACQUISITION
Source of stock number/acquisition Cen Lib/Ret
040 ## - CATALOGING SOURCE
Original cataloging agency DPL
Language of cataloging EN
082 ## - DEWEY DECIMAL CLASSIFICATION NUMBER
Classification number 301.3
Item number HOL
100 ## - MAIN ENTRY--PERSONAL NAME
Personal name Holdgate, M. W.
9 (RLIN) 1777
245 ## - TITLE STATEMENT
Title A perspective of environment pollution /
Statement of responsibility, etc by M. W. Holdgate
260 ## - PUBLICATION, DISTRIBUTION, ETC. (IMPRINT)
Place of publication, distribution, etc London
Name of publisher, distributor, etc Cambridge University Press
Date of publication, distribution, etc 1979
270 ## - ADDRESS
Address Bentley House, 200 Euston Road
City London
300 ## - PHYSICAL DESCRIPTION
Extent x, 278p.
Dimensions 23cm(Hb)
500 ## - GENERAL NOTE
General note Includes bibliographical reference and index
650 ## - SUBJECT ADDED ENTRY--TOPICAL TERM
Topical term or geographic name as entry element Ecology
9 (RLIN) 155
650 ## - SUBJECT ADDED ENTRY--TOPICAL TERM
Topical term or geographic name as entry element Pollution
9 (RLIN) 1778
942 ## - ADDED ENTRY ELEMENTS (KOHA)
Source of classification or shelving scheme Dewey Decimal Classification
Koha item type English Books
Classification part 301.3
Call number suffix HOL
Holdings
Withdrawn status Lost status Damaged status Not for loan Collection code Home library Current library Date acquired Source of acquisition Cost, normal purchase price Total Checkouts Full call number Barcode Date last seen Copy number Cost, replacement price Price effective from Koha item type
      Not For Loan Reference Central Library Central Library 29/05/2015 Cen Lib/Ret 0.00   301.3 HOL A-089912 29/05/2015 1 0.00 15/09/2016 English Books

© Delhi Public Library
Hit Counter
free hit counter